Collaborative E-learning tool for secondary schools /
محفوظ في:
| المؤلف الرئيسي: | |
|---|---|
| التنسيق: | أطروحة كتاب |
| اللغة: | English |
| منشور في: |
2010.
|
| الموضوعات: | |
| الوسوم: |
إضافة وسم
لا توجد وسوم, كن أول من يضع وسما على هذه التسجيلة!
|
| LEADER | 01169cam a2200277 a 4500 | ||
|---|---|---|---|
| 001 | u800671 | ||
| 003 | SIRSI | ||
| 005 | 201011221244 | ||
| 008 | 101122s2010 my a t 000 0 eng m | ||
| 040 | |a UMM | ||
| 090 | |a TA58.5 |b UM 2010 Lot. | ||
| 100 | 1 | |a Lotfi, Zahra. | |
| 245 | 1 | 0 | |a Collaborative E-learning tool for secondary schools / |c Zahra Lotfi. |
| 260 | |c 2010. | ||
| 300 | |a xvi, 176 leaves: |b ill. ; |c 30 cm. | ||
| 502 | |a Dissertation (M.Inf.Tech.) -- Fakulti Sains Komputer dan Teknologi Maklumat, Universiti Malaya, 2010. | ||
| 504 | |a Bibliography: leaves 149-155. | ||
| 650 | 0 | |a Team learning approach in education |x Methodology. | |
| 650 | 0 | |a Computer-assisted instruction |x Study and teaching (Secondary). | |
| 650 | 0 | |a Web-based instruction |x Study and teaching (Secondary). | |
| 650 | 0 | |a Educational technology |x Study and teaching (Secondary). | |
| 650 | 0 | |a Internet in education |x Study and teaching (Secondary). | |
| 710 | 2 | 0 | |a Universiti Malaya. |b Fakulti Sains Komputer dan Teknologi Maklumat. |
| 900 | |a HA-ZA | ||
| 596 | |a 1 | ||
| 999 | |a TA58.5 UM 2010 LOT |w LC |c 1 |i A514480552 |d 15/4/2014 |e 15/4/2014 |f 10/1/2011 |g 1 |l STACKS |m P01UTAMA |n 10 |r Y |s Y |t TESIS |u 6/1/2011 | ||
